| 000 | 00481nam a2200169Ia 4500 | ||
|---|---|---|---|
| 008 | 240729s9999 xx 000 0 und d | ||
| 022 | _a2717-817X | ||
| 245 | 0 | _aFocus on Research in Contemporary Economics | |
| 260 | _aTürkiye | ||
| 260 | _bFerhat Topbas | ||
| 650 | _a Economic theory. Demography | ||
| 650 | _a Economics as a science | ||
| 650 | _aSocial Sciences | ||
| 856 | _uhttps://doaj.org/toc/495b421eca504abf84cbacb162573b7d | ||
| 942 | _2ddc | ||
| 942 | _cDOAJEJ | ||
| 999 |
_c68549 _d68549 |
||
| 945 |
_a1 _bMadushi Gamage _c1 _dMadushi Gamage |
||